书目信息 |
| 题名: |
类风湿性关节炎
|
|
| 作者: | 柴可夫 主编 | |
| 分册: | ||
| 出版信息: | 北京 科学技术文献出版社 1999.04 |
|
| 页数: | 313页 | |
| 开本: | 32开 | |
| 丛书名: | ||
| 单 册: | ||
| 中图分类: | R593.22 | |
| 科图分类: | ||
| 主题词: | 全身性疾病 | |
| 电子资源: | ||
| ISBN: | 7-5023-3201-4 | |
| 000 | 00561nam0 2200193 45 | |
| 001 | 0012101423 | |
| 005 | 20001210145936.6 | |
| 010 | @a7-5023-3201-4@d16.00元 | |
| 100 | @a20001210d1999 km y0chiy0120 ea | |
| 101 | 0 | @achi |
| 105 | @a z 000yy | |
| 200 | 1 | @a类风湿性关节炎@ALei Feng Shi Xing Guan Jie Yan@f柴可夫主编@FChai Ke Fu Zhu Bian |
| 210 | @a北京@c科学技术文献出版社@d1999.04 | |
| 215 | @a313页@d32开 | |
| 606 | 0 | @a全身性疾病 |
| 690 | @aR593.22@v3 | |
| 701 | 0 | @a柴可夫@4主编 |
| 801 | @aCN@bPftUser@c20001210 | |
| 905 | @b302949-950@dR593.22@eCH244@f2 | |
| 类风湿性关节炎/柴可夫主编.-北京:科学技术文献出版社,1999.04 |
| 313页;32开 |
| ISBN 7-5023-3201-4:16.00元 |
| ● |
| 相关链接 |
|
|
|
正题名:类风湿性关节炎
索取号:R593.22/CH244
 
预约/预借
| 序号 | 登录号 | 条形码 | 馆藏地/架位号 | 状态 | 备注 |
| 1 | 302949 | 203029490 | 自科库401/401自科库 19排2列3层/ [索取号:R593.22/CH244] | 在馆 | |
| 2 | 302950 | 203029506 | 自科库401/401自科库 19排2列3层/ [索取号:R593.22/CH244] | 在馆 |